000 01080na a2200337 4500
001 23299
003 MIRAKIL
005 20181213155212.0
008 170905b tu 000 0
020 _a9786059331074
035 _a15636
040 _aMilas
_btur
_cTR-AnCHP
041 _atur
082 _a320.9561
_bM97k 2016
090 _a320.9561 M97k 2016
100 _aMütercimler, Erol
245 _aKomplo teorileri 4
_bİsyanlar, ihtilaller, darbeler
_cErol Mütercimler
246 _aİsyanlar, ihtilaller, darbeler
260 _aİstanbul
_bAsi Kitap
_c2016
_fİnkılap Kitabevi Matbaacılık
300 _a618 s.
_c23 sm.
440 _aAsi kitap
_v34
490 _aAraştırma
_v21
504 _aKaynakça var.
650 _aToplumsal olaylar
_xGezi Parkı Olayları
650 _a15 Temmuz darbe girişimi
_zTürkiye
650 _aAskeri darbeler
_x12 Eylül 1980
_zTürkiye
650 _aAskeri darbeler
_x27 Mayıs 1960
_zTürkiye
650 _aSiyasal tarih
_xAskeri darbeler
_zTürkiye
740 _aİsyanlar, darbeler, ihtilaller
942 _2ddc
_cBKS
999 _c8425
_d8425